Regional bodies. (Record no. 61161)

MARC details
000 -LEADER
fixed length control field 00621cam a2200169 4500
001 - CONTROL NUMBER
control field WB3530-15
008 - FIXED-LENGTH DATA ELEMENTS--GENERAL INFORMATION
fixed length control field 000000n 000 0 eng u
035 ## - SYSTEM CONTROL NUMBER
System control number (Sirsi) u102069
245 ## - TITLE STATEMENT
Title Regional bodies.
490 ## - SERIES STATEMENT
Series statement Guardian
Volume/sequential designation 4 August 1999, 4(1)
520 ## - SUMMARY, ETC.
Summary, etc. The prospect of regional assemblies in England looks increasingly unlikely as there seems to be little support for the idea in the regions, and the Prime Minister is worried that the assemblies may become alternative power bases.
650 ## - SUBJECT ADDED ENTRY--TOPICAL TERM
Topical term or geographic name entry element ENGLAND
650 ## - SUBJECT ADDED ENTRY--TOPICAL TERM
Topical term or geographic name entry element REGIONS
650 ## - SUBJECT ADDED ENTRY--TOPICAL TERM
Topical term or geographic name entry element REGIONAL ASSEMBLIES
690 ## - LOCAL SUBJECT ADDED ENTRY--TOPICAL TERM (OCLC, RLIN)
Topical term or geographic name as entry element ECONOMIC AND SOCIAL
942 ## - ADDED ENTRY ELEMENTS (KOHA)
Suppress in OPAC 0
Holdings
Withdrawn status Lost status Source of classification or shelving scheme Damaged status Not for loan Home library Current library Shelving location Date acquired Total Checkouts Full call number Barcode Date last seen Copy number Price effective from Koha item type
    Dewey Decimal Classification     London London News article 15/11/1999   WB3530-15 102069-1001 06/08/2019 1 06/08/2019 News article